000 00290nam a22001337a 4500
008 180921b xxu||||| |||| 00| 0 eng d
020 _a053401223X
041 _aeng
080 _a510
100 _a37
101 _aMAT
245 _aPrecalculus Mathematics
_cSmith, K.J
942 _2udc
_cBK
999 _c48218
_d48218